| 000 | 00407 a2200157 4500 | ||
|---|---|---|---|
| 003 | Nust | ||
| 005 | 20230124093346.0 | ||
| 040 | _cNust | ||
| 082 | _a813.5,CAL | ||
| 100 |
_aCaldwell,Taylor _9107487 |
||
| 245 |
_aThe Earth is The Lords : _bA Tale of the rise of Genghis Khan / _cTaylor Caldwell |
||
| 260 |
_aLondon _bCollins _c1941 |
||
| 300 | _a398:p | ||
| 650 |
_aGenghis Khan _9107488 |
||
| 942 |
_2ddc _cBK |
||
| 999 |
_c186787 _d186787 |
||